| 000 | 00381nam a2200133Ia 4500 | ||
|---|---|---|---|
| 008 | 250115s2024 xx 000 0 und d | ||
| 020 | _a9 789354 515842 | ||
| 041 | _aeng | ||
| 082 | _a615.4/YAD/YAD | ||
| 100 | _aYADAV/ YADAV | ||
| 245 |
_aHOSPITAL AND CLINICAL PHARMACY _bHOSPITAL AND CLINICAL PHARMACY |
||
| 260 |
_aPUNE, MAHARASHTRA _bNIRALI PUBLICATION _c2024 |
||
| 300 | _a13 | ||
| 999 |
_c1207979 _d1207979 |
||